000 00279nam a22001337a 4500
008 170216b xxu||||| |||| 00| 0 eng d
020 _a0397504934
041 _aeng
080 _a61
100 _a4
101 _aSHM
245 _aLOW BACK PAIN
_cFINNESON, B.E
942 _2udc
_cBK
999 _c5647
_d5647